00527nam a22001577a 450000500170000001000150001702000260003203500130005803700130007110000190008424501280010326000370023127000570026830000210032570000230034620150720115650.0 aENG-113244 c195.00a9788193071014 aEN-96776 bDBAD/PUB aBhatt, Mahesh  aAll that could have been :cby Mahesh Bhatt with Suhrita Sengupta bsoon to be a motion picture Hamaari Adhuri Kahaani /  aNew Delhi bSpeaking Tigerc2015 a4381/4, Ansari Road, Daryaganj, bNew Delhi e110002 a142p.c20cm(pbk) aSengupta, Suhrita